<?xml version="1.0" encoding="UTF-8"?>
<record
    xmlns:xsi="http://www.w3.org/2001/XMLSchema-instance"
    xsi:schemaLocation="http://www.loc.gov/MARC21/slim http://www.loc.gov/standards/marcxml/schema/MARC21slim.xsd"
    xmlns="http://www.loc.gov/MARC21/slim">

  <leader>00733nam a2200169   4500</leader>
  <controlfield tag="003">LK-CoMWRAF</controlfield>
  <controlfield tag="005">20240118124840.0</controlfield>
  <controlfield tag="008">231218b        |||||||| |||| 00| 0 eng d</controlfield>
  <datafield tag="020" ind1=" " ind2=" ">
    <subfield code="a">9559448285</subfield>
  </datafield>
  <datafield tag="040" ind1=" " ind2=" ">
    <subfield code="a">LK-CoMWRAF</subfield>
    <subfield code="d">LK-CoMWRAF</subfield>
    <subfield code="e">LK-CoMWRAF</subfield>
  </datafield>
  <datafield tag="041" ind1=" " ind2=" ">
    <subfield code="a">sin</subfield>
  </datafield>
  <datafield tag="082" ind1=" " ind2=" ">
    <subfield code="a">370</subfield>
    <subfield code="b">HAY</subfield>
  </datafield>
  <datafield tag="245" ind1=" " ind2=" ">
    <subfield code="a">6 &#xDC0;&#xDB1; &#xDC3;&#xDC4; 10 &#xDC0;&#xDB1; &#xDC1;&#xDCA;&#x200D;&#xDBB;&#xDDA;&#xDAB;&#xDD2;&#xDC0;&#xDBD; &#xDC3;&#xDD2;&#xDC3;&#xDD4;&#xDB1;&#xDCA;&#xD9C;&#xDDA; &#xDB7;&#xDCF;&#xDC2;&#xDCF; &#xDC4;&#xDCF; &#xD9C;&#xDAB;&#xDD2;&#xDAD; &#xDB1;&#xDD2;&#xDB4;&#xDD4;&#xDAB;&#xDAD;&#xDCF; &#xDC3;&#xDB8;&#xDD3;&#xD9A;&#xDCA;&#xDC2;&#xDAB;&#xDBA; :</subfield>
    <subfield code="b">&#xDC0;&#xDCF;&#xDBB;&#xDCA;&#xDAD;&#xDCF;&#xDC0; 2006</subfield>
  </datafield>
  <datafield tag="246" ind1=" " ind2=" ">
    <subfield code="a">6 wana saha 10 wana shreniwala sisunge bhasha ha ganitha nipunatha samikshanaya : warthawa 2006</subfield>
  </datafield>
  <datafield tag="260" ind1=" " ind2=" ">
    <subfield code="a">&#xD9A;&#xDDC;&#xDC5;&#xDB9; : </subfield>
    <subfield code="b">&#xDA2;&#xDCF;&#xDAD;&#xDD2;&#xD9A; &#xD85;&#xDB0;&#xDCA;&#x200D;&#xDBA;&#xDCF;&#xDB4;&#xDB1; &#xD9A;&#xDDC;&#xDB8;&#xDD2;&#xDC2;&#xDB1;&#xDCA; &#xDC3;&#xDB7;&#xDCF;&#xDC0;,</subfield>
    <subfield code="c">2006</subfield>
  </datafield>
  <datafield tag="942" ind1=" " ind2=" ">
    <subfield code="c">BK</subfield>
  </datafield>
  <datafield tag="952" ind1=" " ind2=" ">
    <subfield code="0">0</subfield>
    <subfield code="1">0</subfield>
    <subfield code="4">0</subfield>
    <subfield code="7">0</subfield>
    <subfield code="a">MAIN</subfield>
    <subfield code="b">MAIN</subfield>
    <subfield code="d">2023-12-18</subfield>
    <subfield code="l">0</subfield>
    <subfield code="o">370 HAY</subfield>
    <subfield code="p">RAF1829</subfield>
    <subfield code="r">2023-12-18</subfield>
    <subfield code="w">2023-12-18</subfield>
    <subfield code="y">BK</subfield>
  </datafield>
  <datafield tag="999" ind1=" " ind2=" ">
    <subfield code="c">4520</subfield>
    <subfield code="d">4520</subfield>
  </datafield>
</record>
